Repairs in the pipeline (Record no. 1645)

MARC details
000 -LEADER
fixed length control field 00983cab a2200205 4500
001 - CONTROL NUMBER
control field ABS37189
008 - FIXED-LENGTH DATA ELEMENTS--GENERAL INFORMATION
fixed length control field 090401t1986 xxu||||| |||| 00| 0 eng d
035 ## - SYSTEM CONTROL NUMBER
System control number (Sirsi) u2733
041 ## - LANGUAGE CODE
Language code of text/sound track or separate title eng
100 ## - MAIN ENTRY--PERSONAL NAME
Personal name Drake, B.
245 ## - TITLE STATEMENT
Title Repairs in the pipeline
260 ## - PUBLICATION, DISTRIBUTION, ETC.
Date of publication, distribution, etc. 1986
350 ## - PRICE (NR) (BK AM CF MU VM SE) [OBSOLETE]
Price 0
490 ## - SERIES STATEMENT
Series statement Building
Volume/sequential designation 251(51/52) 19/26 December 1986,60-61 (2)
520 ## - SUMMARY, ETC.
Summary, etc. Describes renovation methods effective in the repair of small sewers . Insituform involves remote relining of sewers; RATS (Remote Axial Tank Saw) operated by closed-circuit television allows interconnections to be cut more cheaply between the relined sewer and its feeder or extract pipes from within the sewer. Finally impact moling involving the destruction of existing pipes from within by the hammer action of a "mole", which pulls a new plastic liner through an original liner.
650 ## - SUBJECT ADDED ENTRY--TOPICAL TERM
Topical term or geographic name entry element DRAINS
690 ## - LOCAL SUBJECT ADDED ENTRY--TOPICAL TERM (OCLC, RLIN)
Topical term or geographic name as entry element BUILDING AND CONSTRUCTION-REPAIRS AND MAINTENANCE
942 ## - ADDED ENTRY ELEMENTS (KOHA)
Suppress in OPAC 0
948 ## - LOCAL PROCESSING INFORMATION (OCLC); SERIES PART DESIGNATOR (RLIN)
c (OCLC) 04/03/1997
Holdings
Withdrawn status Lost status Source of classification or shelving scheme Damaged status Not for loan Home library Current library Shelving location Date acquired Total Checkouts Full call number Barcode Date last seen Copy number Price effective from Koha item type
    Dewey Decimal Classification     London London Journal article 14/09/1999   ABS37189 2733-1001 06/08/2019 1 06/08/2019 Journal article